000 00328 a2200157 4500
001 61252
020 _a8508088671
040 _cAnchieta - Pituba
100 _aFaria, Rita Brugin de
240 1 0 _aHello! 6
_lIng
245 1 0 _aHello! 6
300 _a136
362 0 _a2004
650 4 _aInglês e inglês antigo
942 _cBK
999 _c61252
_d61252